| 000 | 004520000a22001210004500 | ||
|---|---|---|---|
| 090 |
_aAS _bSeriadas |
||
| 245 | 1 | 0 | _aNotas sobre la biología de Uca (Minuca) Panamensis (Stimpson, 1859) Crustacea, (Ocipodidae) y su distribución en Colombia |
| 041 | 0 | _aEspañol | |
| 700 | 1 |
_aGuhl, Felipe _994586 |
|
| 100 | 1 |
_aVon Prahl, Henry _913112 |
|
| 942 | _cARTICULO | ||
| 773 | 1 |
_tAnales del Instituto de Investigaciones Marinas de Punta de Betín _h11 _q147-152 _d1979 |
|
| 999 |
_c16103 _d16103 |
||